Words That Appear in the "Star Wars" Prequels - Sudden Death - Statistics

General Stats
  • This quiz has been taken 21 times
  • The average score is 19 of 27
Answers on the Grid
Answers color-coded by a green-red scale on the quiz's grid according to % correct below.
Abandon
Algebra
Applause
Bacteria
Bane
Banking
Boba
Chewy
Chosen
Clone
Core
Council
Courts
Decoy
Emergency
Empire
Family
Federation
Football
Intelligent
Luke
Microscopic
Millenium
Negotiations
Plastic
Poe
President
Raiders
Rancor
Ray
Rockets
Security
Society
Speeder
Starkiller
Thunderous
Tragedy
Triplets
Wayfinder
Xenomorph
 
Answer Stats
Answer % Correct
Luke
94%
Chosen
88%
Clone
88%
Council
88%
Empire
88%
Family
88%
Speeder
88%
Negotiations
81%
Abandon
75%
Emergency
75%
Federation
75%
Intelligent
75%
Raiders
75%
Society
75%
Tragedy
75%
Applause
69%
Core
69%
Decoy
69%
Security
69%
Boba
63%
Millenium
63%
Rockets
63%
Courts
56%
Banking
44%
Thunderous
44%
Microscopic
38%
Ray
25%
No matching quizzes found
Score Distribution
Percent of People with Each Score
Percentile by Number Answered
Your Score History
You have not taken this quiz